00960nam a2200289Ia 4500001000800000003000500008008004100013010001100054040000900065090001800074100002800092245008000120260009100200300001000291410003400301650002100335700002800356700003500384901001800419902000600437905006300443910000900506942000900515942001200524999001900536952011500555Para_34CHAP220125s1955 xx 000 0 und d a198694 cCHAP aPA FOLLETO 37 aCaballero B., C.916540 aEl gusano bellotero /c por C. Caballero B., R. Galarza, D. G. de la Garza aCd. Delicias, Chih. :b Patronato para la Investigación, Fomento y Defensa Agricola a34 p. aBoletín de divulgación; 4 aHeliothis953436 aI. Galarza, R. 9163978 aII. Garza, D. G. de la9163979 aPA FOLLETO 37 aA a0000071955 mx a 0000000000 00 a1955 cPARA cPARAd1 c198694d198694 00102local40708FOLLaPAbPAc12d2005-10-27fPARAl0pPA_2036r2022-01-25 00:00:00t1w2022-01-25yFOLLz3